书目信息 |
| 题名: |
应用生物化学
|
|
| 作者: | 欧伶 , 俞新根 主编 | |
| 分册: | ||
| 出版信息: | 北京 化学工业出版社 2001.10 |
|
| 页数: | 407页 | |
| 开本: | 26cm | |
| 丛书名: | ||
| 单 册: | ||
| 中图分类: | Q599 | |
| 科图分类: | ||
| 主题词: | 生物化学--应用 | |
| 电子资源: | ||
| ISBN: | 7-5025-3321-4 | |
| 000 | 00589nam0 2200205 45 | |
| 001 | 0436650544 | |
| 005 | 2004042610104947 | |
| 010 | @a7-5025-3321-4@dCNY 38.00 | |
| 100 | @a20040426d2001 km y0chiy0120 ea | |
| 101 | 0 | @achi |
| 102 | @aCN@b110000 | |
| 200 | 1 | @a应用生物化学@AYing Yong Sheng Wu Hua Xue@f欧伶,俞新根主编@Fou ling,yu xin gen zhu bian |
| 210 | @a北京@c化学工业出版社@d2001.10 | |
| 215 | @a407页@d26cm | |
| 606 | 0 | @a生物化学@x应用 |
| 690 | @aQ599@v3 | |
| 701 | 0 | @a欧伶@Aou ling@4主编 |
| 701 | 0 | @a俞新根@Ayu xin gen@4主编 |
| 801 | 0 | @aCN@bPFT@c20040426 |
| 905 | @dQ599@eO262 | |
| 应用生物化学/欧伶,俞新根主编.-北京:化学工业出版社,2001.10 |
| 407页;26cm |
| ISBN 7-5025-3321-4:CNY 38.00 |
| ● |
| 相关链接 |
|
|
|
正题名:应用生物化学
索取号:Q599/O262
 
预约/预借
| 序号 | 登录号 | 条形码 | 馆藏地/架位号 | 状态 | 备注 |
| 1 | 391017 | 203910170 | 自科库401/401自科库 30排2列3层/ [索取号:Q599/O262] | 在馆 | |
| 2 | 391018 | 203910189 | 自科库401/401自科库 30排2列3层/ [索取号:Q599/O262] | 在馆 | |
| 3 | 391019 | 203910198 | 自科库401/401自科库 30排2列3层/ [索取号:Q599/O262] | 在馆 |